Veterinary pharmacology and therapeutics / (Record no. 33333)
[ view plain ]
| 000 -LEADER | |
|---|---|
| fixed length control field | 01203nam a22003497a 4500 |
| 001 - CONTROL NUMBER | |
| control field | 19394838 |
| 003 - CONTROL NUMBER IDENTIFIER | |
| control field | OSt |
| 005 - DATE AND TIME OF LATEST TRANSACTION | |
| control field | 20250130110024.0 |
| 008 - FIXED-LENGTH DATA ELEMENTS--GENERAL INFORMATION | |
| fixed length control field | 250130b |||||||| |||| 00| 0 eng d |
| 020 ## - INTERNATIONAL STANDARD BOOK NUMBER | |
| International Standard Book Number | 9781118855829 (cloth) |
| 020 ## - INTERNATIONAL STANDARD BOOK NUMBER | |
| Canceled/invalid ISBN | 9781118855775 (Adobe PDF) |
| 020 ## - INTERNATIONAL STANDARD BOOK NUMBER | |
| Canceled/invalid ISBN | 9781118855881 (epub) |
| 040 ## - CATALOGING SOURCE | |
| Original cataloging agency | MMARA-U |
| Language of cataloging | eng |
| Transcribing agency | MMARA-U |
| Modifying agency | MMARA-U |
| 042 ## - AUTHENTICATION CODE | |
| Authentication code | pcc |
| 050 00 - LIBRARY OF CONGRESS CALL NUMBER | |
| Classification number | SF915 |
| Item number | .V49 2017 |
| 060 10 - NATIONAL LIBRARY OF MEDICINE CALL NUMBER | |
| Classification number | SF 915 |
| 082 00 - DEWEY DECIMAL CLASSIFICATION NUMBER | |
| Classification number | 636.089/51 |
| Edition number | 23 |
| 245 00 - TITLE STATEMENT | |
| Title | Veterinary pharmacology and therapeutics / |
| Statement of responsibility, etc. | edited by Jim E. Riviere, DVM, PhD, DSc (hon) and Mark G. Papich, DVM, MS. |
| 250 ## - EDITION STATEMENT | |
| Edition statement | Tenth edition. |
| 264 #1 - PRODUCTION, PUBLICATION, DISTRIBUTION, MANUFACTURE, AND COPYRIGHT NOTICE | |
| Place of production, publication, distribution, manufacture | Hoboken, NJ : |
| Name of producer, publisher, distributor, manufacturer | John Wiley & Sons Inc., |
| Date of production, publication, distribution, manufacture, or copyright notice | 2017. |
| 300 ## - PHYSICAL DESCRIPTION | |
| Extent | xxi, 1525 pages : |
| Other physical details | illustrations ; |
| Dimensions | 29 cm. |
| 336 ## - CONTENT TYPE | |
| Content type term | text |
| Content type code | txt |
| Source | rdacontent |
| 337 ## - MEDIA TYPE | |
| Media type term | unmediated |
| Media type code | n |
| Source | rdamedia |
| 338 ## - CARRIER TYPE | |
| Carrier type term | volume |
| Carrier type code | nc |
| Source | rdacarrier |
| 500 ## - GENERAL NOTE | |
| General note | Includes bibliographical references and index. |
| 650 #0 - SUBJECT ADDED ENTRY--TOPICAL TERM | |
| Topical term or geographic name as entry element | Veterinary pharmacology. |
| 9 (RLIN) | 2469 |
| 650 12 - SUBJECT ADDED ENTRY--TOPICAL TERM | |
| Topical term or geographic name as entry element | Drug Therapy |
| General subdivision | veterinary |
| 9 (RLIN) | 2470 |
| 650 22 - SUBJECT ADDED ENTRY--TOPICAL TERM | |
| Topical term or geographic name as entry element | Veterinary Drugs |
| General subdivision | pharmacology |
| 9 (RLIN) | 2471 |
| 700 1# - ADDED ENTRY--PERSONAL NAME | |
| Personal name | Riviere, J. Edmond |
| Fuller form of name | (Jim Edmond), |
| Relator term | editor. |
| 9 (RLIN) | 2472 |
| 700 1# - ADDED ENTRY--PERSONAL NAME | |
| Personal name | Papich, Mark G., |
| Relator term | editor. |
| 9 (RLIN) | 2473 |
| 942 ## - ADDED ENTRY ELEMENTS (KOHA) | |
| Source of classification or shelving scheme | Library of Congress Classification |
| Koha item type | L |
| Withdrawn status | Lost status | Source of classification or shelving scheme | Damaged status | Not for loan | Home library | Current library | Date acquired | Source of acquisition | Total Checkouts | Full call number | Barcode | Date last seen | Price effective from | Koha item type |
|---|---|---|---|---|---|---|---|---|---|---|---|---|---|---|
| Library of Congress Classification | Maasai Mara University Library -Main Campus | Maasai Mara University Library -Main Campus | 01/30/2025 | Donation | SF915 .V49 2017 | 24040555 | 01/30/2025 | 01/30/2025 | L |